[Event "EU-ch Hybrid U16"]
[Site "Tornelo INT"]
[Date "2021.10.15"]
[Round "3"]
[White "Dimov, Nikola"]
[Black "Guler, Muhammed Talha"]
[Result "1/2-1/2"]
[WhiteElo "1855"]
[BlackElo "1802"]
[PlyCount "91"]
[EventDate "2021.10.15"]
[EventType "swiss"]
[EventRounds "9"]
[EventCountry "NET"]
[SourceTitle "EXT 2023"]
[Source "ChessBase"]
[SourceDate "2022.10.05"]
[SourceVersion "1"]
[SourceVersionDate "2022.10.05"]
[SourceQuality "1"]
[WhiteTeam "Bulgaria"]
[BlackTeam "Turkey"]
[WhiteTeamCountry "BUL"]
[BlackTeamCountry "TUR"]

1. e4 c5 2. Nf3 e6 3. d4 cxd4 4. Nxd4 a6 5. a3 Nf6 6. Nc3 Qc7 7. Be2 d6 8. 0-0 b5 9. f4 Bb7 10. Bf3 Nbd7 11. Qe1 Rc8 12. Kh1 h5 13. e5 Bxf3 14. Nxf3 Ng4 15. f5 Ndxe5 16. fxe6 fxe6 17. Nd4 Qd7 18. Ne4 Be7 19. Bg5 d5 20. Rd1 dxe4 21. Nf5 Bxg5 22. Rxd7 Kxd7 23. Qxe4 exf5 24. Qxf5+ Kc6 25. Qxg5 Rhf8 26. Rxf8 Rxf8 27. Kg1 Re8 28. h3 Nf6 29. Qxg7 Nd5 30. Qh6+ Kc5 31. b4+ Kd4 32. Qxh5 Rf8 33. Qd1+ Ke4 34. Qe1+ Ne3 35. Qh4+ Rf4 36. Qh7+ Kd4 37. Qa7+ Ke4 38. c3 Rf1+ 39. Kh2 Rd1 40. Qb7+ Kd3 41. Qh7+ Ke2 42. Qh5+ Kf2 43. Qh4+ Ke2 44. Qh5+ Kf2 45. Qh4+ Ke2 46. Qh5+ 1/2-1/2

[Event "EU-ch Hybrid U16"]
[Site "Tornelo INT"]
[Date "2021.10.15"]
[Round "4"]
[White "Johannessen, Heine N"]
[Black "Dimov, Nikola"]
[Result "0-1"]
[WhiteElo "1930"]
[BlackElo "1855"]
[PlyCount "116"]
[EventDate "2021.10.15"]
[EventType "swiss"]
[EventRounds "9"]
[EventCountry "NET"]
[SourceTitle "EXT 2023"]
[Source "ChessBase"]
[SourceDate "2022.10.05"]
[SourceVersion "1"]
[SourceVersionDate "2022.10.05"]
[SourceQuality "1"]
[WhiteTeam "Norway"]
[BlackTeam "Bulgaria"]
[WhiteTeamCountry "NOR"]
[BlackTeamCountry "BUL"]

1. d4 Nf6 2. Nf3 g6 3. g3 Bg7 4. Bg2 0-0 5. c4 d6 6. 0-0 Nbd7 7. Nc3 e5 8. b3 exd4 9. Nxd4 Nc5 10. Bb2 a5 11. a3 Re8 12. b4 Nce4 13. Qc2 Ng5 14. h4 Nh3+ 15. Kh1 Ng4 16. Nd1 Nf4 17. Bf3 Nh5 18. Kg2 axb4 19. axb4 Rxa1 20. Bxa1 c5 21. bxc5 dxc5 22. Nb3 Bxa1 23. Nxa1 Bf5 24. e4 Be6 25. Nb3 Ne5 26. Bxh5 gxh5 27. Ne3 Qc8 28. Nf5 Nxc4 29. Rd1 Bxf5 30. exf5 b5 31. Qc1 Qxf5 32. Qh6 Qg6 33. Qf4 Qg4 34. Qxg4+ hxg4 35. Nxc5 Rb8 36. Nd7 Rb7 37. Nf6+ Kg7 38. Nxg4 b4 39. Ne3 Nxe3+ 40. fxe3 b3 41. g4 b2 42. Rb1 Kf6 43. Kf3 Rb4 44. g5+ Kf5 45. e4+ Ke5 46. h5 Rb3+ 47. Kg4 Rb5 48. Kf3 Rb4 49. h6 Rb3+ 50. Kg4 Rb5 51. Kf3 Rb4 52. Ke3 Rb3+ 53. Kd2 Kxe4 54. Kc2 Rb7 55. g6 fxg6 56. Re1+ Kf5 57. Kb1 Kg5 58. Re7 Rxe7 0-1

[Event "Balkan-ch U16"]
[Site "Tornelo INT"]
[Date "2020.10.31"]
[Round "3"]
[White "Dimov, Nikola"]
[Black "Filippovskiy, Nikita"]
[Result "1-0"]
[WhiteElo "1538"]
[BlackElo "1350"]
[PlyCount "85"]
[EventDate "2020.10.31"]
[EventType "swiss"]
[EventRounds "7"]
[EventCountry "NET"]
[SourceTitle "EXT 2023"]
[Source "ChessBase"]
[SourceDate "2022.10.05"]
[SourceVersion "1"]
[SourceVersionDate "2022.10.05"]
[SourceQuality "1"]

1. e4 c5 2. Nf3 Nc6 3. d4 cxd4 4. Nxd4 g6 5. Nc3 Bg7 6. Be3 Nf6 7. Bc4 0-0 8. f3 Qb6 9. a3 Qxb2 10. Na4 Qxa1 11. Qxa1 a6 12. Nb6 Rb8 13. 0-0 d6 14. c3 Ne5 15. Bb3 Bd7 16. Qd1 Bb5 17. Nxb5 axb5 18. Qd2 Nc4 19. Nxc4 bxc4 20. Bxc4 Rfc8 21. Bb3 b5 22. Rc1 Ra8 23. Ra1 b4 24. cxb4 Nxe4 25. fxe4 Bxa1 26. Qa2 Be5 27. Bxf7+ Kf8 28. Bh6+ Bg7 29. Bxg7+ Kxg7 30. Bc4 Rc7 31. Qb2+ e5 32. Bd5 Rac8 33. h3 Rc2 34. Qb3 Rc1+ 35. Kh2 R8c3 36. Qa4 Rc7 37. Qa6 R7c3 38. Qxd6 R1c2 39. Qxe5+ Kh6 40. Qe7 Rxa3 41. h4 Rd3 42. Bg8 Kh5 43. Qg5# 1-0

[Event "Balkan-ch U16"]
[Site "Tornelo INT"]
[Date "2020.10.31"]
[Round "2"]
[White "Kilic, Gokturk Kagan"]
[Black "Dimov, Nikola"]
[Result "1-0"]
[WhiteElo "2084"]
[BlackElo "1538"]
[PlyCount "55"]
[EventDate "2020.10.31"]
[EventType "swiss"]
[EventRounds "7"]
[EventCountry "NET"]
[SourceTitle "EXT 2023"]
[Source "ChessBase"]
[SourceDate "2022.10.05"]
[SourceVersion "1"]
[SourceVersionDate "2022.10.05"]
[SourceQuality "1"]

1. e4 c5 2. Nf3 Nc6 3. Bb5 g6 4. 0-0 Bg7 5. c3 d6 6. d4 cxd4 7. cxd4 Bd7 8. Re1 Nf6 9. Nc3 0-0 10. Bg5 Bg4 11. Bxc6 bxc6 12. h3 Be6 13. d5 Bd7 14. Qd2 Re8 15. Rad1 Rb8 16. Qc1 Qb6 17. b3 cxd5 18. Bxf6 exf6 19. Nxd5 Qa5 20. Qf4 Qxa2 21. Nxf6+ Bxf6 22. Qxf6 Qxb3 23. Rxd6 Rb6 24. Rxb6 Qxb6 25. Qh4 Kg7 26. e5 a5 27. Rd1 Qe6 28. Ng5 1-0

[Event "Balkan-ch U16"]
[Site "Tornelo INT"]
[Date "2020.10.31"]
[Round "1"]
[White "Vujovic, Savo"]
[Black "Dimov, Nikola"]
[Result "1-0"]
[WhiteElo "2011"]
[BlackElo "1538"]
[PlyCount "125"]
[EventDate "2020.10.31"]
[EventType "swiss"]
[EventRounds "7"]
[EventCountry "NET"]
[SourceTitle "EXT 2023"]
[Source "ChessBase"]
[SourceDate "2022.10.05"]
[SourceVersion "1"]
[SourceVersionDate "2022.10.05"]
[SourceQuality "1"]

1. e4 c5 2. Nf3 Nc6 3. Bb5 g6 4. 0-0 Bg7 5. Re1 a6 6. Bxc6 bxc6 7. d3 d6 8. Nc3 e5 9. a3 Nh6 10. b4 cxb4 11. axb4 0-0 12. Nd2 f5 13. f3 Qb6+ 14. Kh1 Qxb4 15. Ne2 d5 16. Ba3 Qb6 17. Rb1 Qc7 18. Bxf8 Bxf8 19. Qc1 f4 20. Qb2 Bc5 21. exd5 cxd5 22. d4 Bd6 23. Qb3 Be6 24. Nxf4 exf4 25. Rxe6 Nf7 26. Qxd5 Rd8 27. Ne4 Qxc2 28. Rg1 Be5 29. Qc6 Qxc6 30. Rxc6 Bxd4 31. Rd1 Rb8 32. Rxa6 Be3 33. Nf6+ Kg7 34. Nd5 Re8 35. Re1 Re5 36. Nxe3 fxe3 37. Ra3 Rd5 38. Raxe3 Nh6 39. Re7+ Nf7 40. Kg1 Kf6 41. R1e6+ Kg7 42. Ra6 Rf5 43. Raa7 g5 44. Kf2 Kg6 45. Rxf7 Rxf7 46. Rxf7 Kxf7 47. Ke3 Kf6 48. Ke4 Ke6 49. g4 h6 50. h3 Kf6 51. Kd5 Kf7 52. Ke5 Ke7 53. f4 gxf4 54. Kxf4 Kf6 55. h4 Kg6 56. Ke5 Kg7 57. h5 Kf7 58. Kf5 Kg7 59. Ke6 Kg8 60. Kf6 Kh7 61. Kf7 Kh8 62. Kg6 Kg8 63. Kxh6 1-0

[Event "Sofia MGU op 190th"]
[Site "Sofia"]
[Date "2017.09.24"]
[Round "5"]
[White "Kostov, Nikolai"]
[Black "Dimov, Nikola"]
[Result "1-0"]
[WhiteElo "1648"]
[BlackElo "1551"]
[PlyCount "121"]
[EventDate "2017.09.23"]
[EventType "swiss"]
[EventRounds "6"]
[EventCountry "BUL"]
[SourceTitle "CBM 180 Extra"]
[Source "ChessBase"]
[SourceDate "2017.10.06"]
[SourceVersion "1"]
[SourceVersionDate "2017.10.06"]
[SourceQuality "1"]

1. d4 Nf6 2. e3 g6 3. g3 Bg7 4. Bg2 0-0 5. Nf3 c5 6. 0-0 cxd4 7. exd4 d6 8. h3 Qc7 9. Nc3 a6 10. Re1 Re8 11. Bg5 Nbd7 12. Qd2 Rb8 13. Re2 b5 14. a3 Bb7 15. Ne1 Nb6 16. b3 Nbd5 17. Nxd5 Nxd5 18. Bxd5 Bxd5 19. Qe3 f6 20. Bh6 Bh8 21. h4 Qd7 22. Kh2 e5 23. dxe5 dxe5 24. Rd1 Qc6 25. Nd3 Bf3 26. Nb4 Qb7 27. Red2 Bxd1 28. Rxd1 Red8 29. Re1 Qb6 30. Qf3 f5 31. Nc6 e4 32. Ne7+ Kf7 33. Rxe4 Qf6 34. Re2 Rd7 35. Bg5 Qc3 36. Re3 Qxc2 37. Re2 Qd3 38. Re3 Qd1 39. Qf4 Qd6 40. Qf3 Be5 41. Nxf5 gxf5 42. Qxf5+ Kg8 43. Qg4 Rg7 44. Qe4 Bf6 45. Bf4 Qd8 46. Bxb8 Qxb8 47. Qc6 Be7 48. Qxa6 Bc5 49. Qe6+ Kh8 50. Rc3 Qf8 51. f4 Bxa3 52. Rc8 Qxc8 53. Qxc8+ Rg8 54. Qc3+ Rg7 55. b4 Bxb4 56. Qxb4 Rf7 57. Qxb5 Kg8 58. g4 Kg7 59. Kg3 Ra7 60. Qb2+ Kg8 61. Qb8+ 1-0

[Event "Tri Buki Children's CupT 2nd"]
[Site "Tri Buki"]
[Date "2017.02.04"]
[Round "1.2"]
[White "Pavlov, Viktor1"]
[Black "Dimov, Nikola"]
[Result "0-1"]
[WhiteElo "1780"]
[BlackElo "1396"]
[PlyCount "60"]
[EventDate "2017.02.04"]
[EventType "team-swiss"]
[EventRounds "6"]
[EventCountry "BUL"]
[SourceTitle "CBM 176 Extra"]
[Source "ChessBase"]
[SourceDate "2017.03.02"]
[SourceVersion "1"]
[SourceVersionDate "2017.03.02"]
[SourceQuality "1"]
[WhiteTeam "An Passant II"]
[BlackTeam "Tri Buki"]
[WhiteTeamCountry "BUL"]
[BlackTeamCountry "BUL"]

1. d4 Nf6 2. c4 g6 3. Nc3 Bg7 4. Bf4 0-0 5. Nf3 c5 6. e3 Qa5 7. Qa4 Qxa4 8. Nxa4 cxd4 9. exd4 Nc6 10. 0-0-0 d6 11. h3 Ne4 12. Be3 Bd7 13. Nc3 Nxc3 14. bxc3 Rac8 15. Nd2 Na5 16. Kb2 Rc6 17. d5 Rc7 18. Bxa7 b6 19. Bxb6 Rb8 20. g4 Rxb6+ 21. Kc2 Ba4+ 22. Kc1 Bxd1 23. Kxd1 Bxc3 24. Ne4 Bd4 25. Bd3 Nxc4 26. Ke2 Rb2+ 27. Kf3 Ne5+ 28. Kg2 Nxd3 29. Rd1 Nxf2 30. Rxd4 Nxe4+ 0-1